| 000 | 00488cam a22001457i 4500 | ||
|---|---|---|---|
| 008 | 240125s2017 gw a b 001 0 eng | ||
| 020 | _a9783527339983 | ||
| 050 | 0 | 0 | _aQD 382.C66 .S96 |
| 245 | 0 | 0 |
_aSynthetic methods for conjugated polymers and carbon materials / _cedited by Mario Leclerc and Jean-Francois Morin. |
| 300 |
_ax, 300 pages : _billustrations (some color) ; |
||
| 650 | 0 | _aConjugated polymers. | |
| 700 | 1 | _aLeclerc, Mario, | |
| 700 | 1 | _aMorin, Jean-Franðcois, | |
| 942 | _cBK | ||
| 999 |
_c2311 _d2311 |
||